Acids and bases : their quantitative behaviour.

Saved in:
Bibliographic Details
Main Author: Bell, R. P. (Ronald Percy)
Format: Book
Language:English
Published: London : Methuen, [1969].
Edition:[2d ed.].
Series:Methuen's monographs on chemical subjects
Subjects:
LEADER 00843nam a2200241 i 4500
001 c000306387
003 CARM
005 00000000000000.0
008 840313s1969 enk 0 eng d
019 1 |a 69847498  |5 LACONCORD2021 
035 |a (OCoLC)754874351  |5 LACONCORD2021 
082 0 4 |a 546.24 
100 1 |a Bell, R. P.  |q (Ronald Percy) 
245 1 0 |a Acids and bases :  |b their quantitative behaviour. 
250 |a [2d ed.]. 
260 |a London :  |b Methuen,  |c [1969]. 
300 |a 111 p. :  |b illus. 
490 0 |a Methuen's monographs on chemical subjects 
650 0 |a Acids. 
650 0 |a Bases (Chemistry) 
852 8 |b CARM  |h A1:AR31A0  |i A05413  |p 0499364  |f BK 
999 f f |i e8d6e3b3-d04a-5d69-8292-098f7e93deb5  |s 18827cc5-5798-55eb-8821-2ac820c997ee 
952 f f |p Can circulate  |a CAVAL  |b CAVAL  |c CAVAL  |d CARM 1 Store  |e A05413  |f A1:AR31A0  |h Other scheme  |i book  |m 0499364